| 000 | 00788cam a2200229 4500 | ||
|---|---|---|---|
| 001 | WB3605-40 | ||
| 008 | 000000n1999 000 0 eng u | ||
| 035 | _a(Sirsi) u103989 | ||
| 245 | _aNew direction for agriculture | ||
| 260 | _c1999 | ||
| 520 | _aGovernment has released details of its 7-year, £1.6bn plan to restructure farm spending towards schemes which boost the rural economy and modernise the farming industry. | ||
| 590 | _aWB | ||
| 600 | _aAGENDA 2000 | ||
| 650 | _aFARMING INDUSTRY | ||
| 650 | _aAGRICULTURAL FINANCE | ||
| 650 | _aGOVERNMENT SUPPORT | ||
| 650 | _aMODERNISATION PROGRAMMES | ||
| 650 | _aRURAL DEVELOPMENT GRANTS | ||
| 690 | _aRURAL-AGRICULTURE AND FORESTRY | ||
| 856 | 4 | 8 | _uhttps://www.staff.ncl.ac.uk/david.harvey/AEF372/MAFF.pdf |
| 942 | _n0 | ||
| 999 |
_c62409 _d62409 |
||